[Event "34th Chess Olympiad (women)"]
[Site "Istanbul"]
[Date "2000.11.05"]
[Round "8.16.1"]
[White "Grosar, Kiti"]
[Black "Pokorna, Regina"]
[WhiteElo "2223"]
[BlackElo "2363"]
[WhiteCountry "SLO"]
[BlackCountry "SVK"]
[Result "1-0"]

1. e4 e5 2. Nf3 Nc6 3. d4 exd4 4. Nxd4 Bc5 5. Nxc6 Qf6 6. Qd2 dxc6 7. Nc3 Bd7 
8. Bd3 Nh6 9. Qf4 Ng4 10. Qxf6 gxf6 11. O-O O-O-O 12. Na4 Bd6 13. h3 Ne5 
14. Be3 Rhg8 15. Kh1 f5 16. f4 Nxd3 17. cxd3 fxe4 18. dxe4 Rde8 19. Nc3 Bb4 
20. e5 Bxc3 21. bxc3 Rg3 22. Rae1 Reg8 23. Rf2 Bf5 24. Bd2 Rd8 25. Kh2 Rgd3 
26. Ree2 h5 27. Be1 Kd7 28. Rd2 Ke6 29. Kg1 Rxd2 30. Rxd2 Rxd2 31. Bxd2 Kd5 
32. Kf2 Ke4 33. Bc1 Kd3 34. Kf3 Be4+ 35. Kf2 Kxc3 36. g4 hxg4 37. hxg4 Bd5 
38. Ke3 Bxa2 39. f5 Bb1 40. Kf4 Kd4 41. Bb2+ Kd5 42. Kg5 c5 43. e6 fxe6 
44. f6 Kd6 45. Kh6 Kd5 
1-0

[Event "34th Chess Olympiad (women)"]
[Site "Istanbul"]
[Date "2000.11.05"]
[Round "8.16.3"]
[White "Mihevc Mohr, Narcisa"]
[Black "Chorvatova, Elena"]
[WhiteElo "2170"]
[BlackElo "2077"]
[WhiteCountry "SLO"]
[BlackCountry "SVK"]
[Result "1-0"]

1. e4 c5 2. Nf3 Nc6 3. d4 cxd4 4. Nxd4 g6 5. Nc3 Bg7 6. Be3 Nf6 7. Bc4 O-O 
8. Bb3 a5 9. a4 Ng4 10. Qxg4 Nxd4 11. Qh4 Nxb3 12. cxb3 Ra6 13. O-O Rc6 
14. Nd5 Re8 15. Rab1 d6 16. b4 axb4 17. Nxb4 Rc4 18. Nd5 Be6 19. b3 Rc6 
20. Rfc1 f6 21. f3 Bf7 22. Qf2 f5 23. b4 Qd7 24. b5 Rxc1+ 25. Rxc1 Bxd5 
26. exd5 Rc8 27. Qd2 Kf7 28. Rc2 e6 29. dxe6+ Kxe6 30. Rxc8 Qxc8 31. Qe2 Kd7 
32. Qa2 Qe8 33. Kf2 Qe7 34. Qd5 Ke8 35. a5 Qh4+ 36. Kf1 Qe7 37. Bd4 Bxd4 
38. Qxd4 Qg5 39. a6 bxa6 40. bxa6 Qc1+ 41. Kf2 f4 42. h3 Qa3 43. a7 Kd7 
44. Qb6 Ke6 45. Kg1 Qc1+ 46. Kh2 Qe1 47. a8=Q 
1-0

[Event "34th Chess Olympiad (women)"]
[Site "Istanbul"]
[Date "2000.11.05"]
[Round "8.17.1"]
[White "Moncayo, Evelyn"]
[Black "Reizniece, Dana"]
[WhiteElo "2135"]
[BlackElo "2275"]
[WhiteCountry "ECU"]
[BlackCountry "LAT"]
[Result "0-1"]

1. e4 d6 2. d4 Nf6 3. Nc3 g6 4. f3 c6 5. Be3 b5 6. a3 Nbd7 7. Bd3 e5 
8. dxe5 dxe5 9. Qd2 Nc5 10. Rd1 a5 11. Qf2 Qe7 12. Bxb5 cxb5 13. Nxb5 Ra6 
14. Bxc5 Qxc5 15. Qxc5 Bxc5 16. Nc7+ Ke7 17. Nxa6 Bxa6 18. c3 a4 19. Kd2 Rb8 
20. Kc1 Nd7 21. Nh3 Nb6 22. Rhe1 Nc4 23. Rd5 Nxb2 24. Rxe5+ Kf6 25. Rxc5 Nd3+ 
26. Kc2 Rb2+ 27. Kd1 Nxc5 28. Nf4 Nb3 29. Nd5+ Kg7 
0-1

[Event "34th Chess Olympiad (women)"]
[Site "Istanbul"]
[Date "2000.11.05"]
[Round "8.17.2"]
[White "Voronova, Tatiana"]
[Black "Vasquez, Rocio"]
[WhiteElo "2278"]
[BlackElo "2235"]
[WhiteCountry "LAT"]
[BlackCountry "ECU"]
[Result "1/2-1/2"]

1. e4 c5 2. Nf3 e6 3. c3 d5 4. exd5 Qxd5 5. d4 Nc6 6. Na3 Bd7 7. Be2 cxd4 
8. Nb5 Rc8 9. cxd4 Nf6 10. O-O Be7 11. a3 Na5 12. Nc3 Qb3 13. Ne5 Qxd1 
14. Bxd1 O-O 15. Nxd7 Nxd7 16. d5 Nc5 17. dxe6 Nab3 18. Nd5 Bd6 19. exf7+ Rxf7 
20. Rb1 Nxc1 21. Rxc1 Rcf8 22. Bf3 Nd3 23. Rc2 Re8 24. Be2 Nf4 25. Nxf4 Rxf4 
26. Rd1 Bb8 27. Rd7 b6 28. g3 Rfe4 29. Bc4+ Kh8 30. Bf7 Rf8 31. Kg2 a5 
32. Rb7 Re5 33. Rxb6 Rf5 34. Rb7 g6 35. Be6 R5f6 36. Rc8 Rxc8 37. Bxc8 Be5 
38. b4 Bd4 39. f4 Rc6 40. Bd7 Rc2+ 41. Kf3 axb4 42. Rxb4 Bc5 43. Rb8+ Kg7 
44. a4 Rxh2 45. g4 Rf2+ 46. Ke4 Rxf4+ 47. Kxf4 Bd6+ 48. Ke4 Bxb8 49. a5 Kf6 
50. Kd5 Ba7 51. Ke4 
1/2-1/2

[Event "34th Chess Olympiad (women)"]
[Site "Istanbul"]
[Date "2000.11.05"]
[Round "8.17.3"]
[White "Alcivar, Ingrid"]
[Black "Berzina, Ilze"]
[WhiteElo "2127"]
[BlackElo "2194"]
[WhiteCountry "ECU"]
[BlackCountry "LAT"]
[Result "1/2-1/2"]

1. e4 e5 2. Nf3 Nc6 3. Nc3 Nf6 4. Bb5 Bb4 5. d3 d6 6. h3 O-O 7. Bg5 h6 
8. Bh4 Bxc3+ 9. bxc3 Qe7 10. O-O Nd8 11. Re1 Ne6 12. Nh2 Nf4 13. Ng4 Bxg4 
14. hxg4 g5 15. Bg3 Qe6 16. f3 d5 17. Bf2 dxe4 18. dxe4 Rad8 19. Qc1 Kg7 
20. Bc5 Rh8 21. g3 Ng6 22. Qe3 b6 23. Ba3 c5 24. Qe2 Rd6 25. Bc4 Qe7 
26. Rad1 Rhd8 27. Bc1 Ne8 28. Be3 Nc7 29. a4 Qd7 30. Rxd6 Qxd6 31. Qf2 
1/2-1/2

[Event "34th Chess Olympiad (women)"]
[Site "Istanbul"]
[Date "2000.11.05"]
[Round "8.18.1"]
[White "Ratcu, Tatiana"]
[Black "Khegai, Angela"]
[WhiteElo "2240"]
[BlackElo "2234"]
[WhiteCountry "BRA"]
[BlackCountry "UZB"]
[Result "1-0"]

1. e4 c5 2. c3 d5 3. exd5 Qxd5 4. d4 Nf6 5. Nf3 e6 6. Bd3 Be7 7. O-O O-O 
8. Be3 cxd4 9. cxd4 Nc6 10. Nc3 Qa5 11. a3 Bd7 12. b4 Qc7 13. Rc1 Qb8 
14. Ne4 Nxe4 15. Bxe4 Bf6 16. d5 exd5 17. Qxd5 Rd8 18. Qh5 g6 19. Qh6 Bg7 
20. Qh4 a6 21. Rfd1 Be8 22. Bg5 Rxd1+ 23. Rxd1 Qc8 24. Bf6 Bf8 25. Ng5 h6 
26. Bxg6 Bg7 27. Bh7+ Kf8 28. Ne4 Qe6 29. Rd6 Bxf6 30. Qxh6+ Bg7 31. Rxe6 Bxh6 
32. Rxh6 Kg7 33. Rh3 Rd8 34. f4 Rd4 35. Bf5 Rd1+ 36. Kf2 Nd4 37. Rh7+ Kf8 
38. Bg4 Ra1 39. f5 Bc6 40. f6 Kg8 41. Rg7+ Kh8 42. Ng5 Ra2+ 43. Ke3 Nc2+ 
44. Kf4 Bd5 45. Bh5 Ne1 46. Bxf7 Nd3+ 47. Ke3 Be4 48. Kxe4 
1-0

[Event "34th Chess Olympiad (women)"]
[Site "Istanbul"]
[Date "2000.11.05"]
[Round "8.18.2"]
[White "Khamrakulova, Iroda"]
[Black "Delai, Paula"]
[WhiteElo "2177"]
[BlackElo "2110"]
[WhiteCountry "UZB"]
[BlackCountry "BRA"]
[Result "1-0"]

1. e4 d5 2. exd5 Qxd5 3. Nc3 Qa5 4. d4 Nf6 5. Bc4 Bf5 6. Nf3 c6 7. O-O e6 
8. Re1 Bd6 9. d5 cxd5 10. Nxd5 Nxd5 11. Bxd5 Qc7 12. Nd4 O-O 13. Nxf5 exf5 
14. Qf3 Nc6 15. Qxf5 Nd4 16. Qg4 Nxc2 17. Bh6 Be5 18. Rac1 Bxb2 19. Be4 Rae8 
20. Bxg7 Bxg7 21. Qf5 Rxe4 22. Qxe4 Rc8 23. Re2 Nd4 24. Rxc7 Nxe2+ 
25. Qxe2 Rxc7 26. Qe8+ Bf8 27. g4 Re7 28. Qb8 a6 29. Kf1 b5 30. Qa8 Re6 
31. h4 h6 32. g5 hxg5 33. hxg5 b4 34. f4 Kg7 35. Kf2 Bc5+ 36. Kf3 Re3+ 
37. Kg4 Re6 38. f5 Re1 39. Qxa6 Rg1+ 40. Kf4 Bf8 41. Qf6+ Kg8 42. Qd4 Rh1 
43. Kg4 Rh2 44. Qd5 Rh7 45. f6 Kh8 46. Qc4 
1-0

[Event "34th Chess Olympiad (women)"]
[Site "Istanbul"]
[Date "2000.11.05"]
[Round "8.18.3"]
[White "Chaves, Joara"]
[Black "Levushkina, E"]
[WhiteElo "2057"]
[BlackElo "2103"]
[WhiteCountry "BRA"]
[BlackCountry "UZB"]
[Result "0-1"]

1. e4 e5 2. Nf3 Nc6 3. Bb5 Nge7 4. O-O g6 5. c3 Bg7 6. d4 exd4 7. cxd4 d5 
8. exd5 Nxd5 9. Re1+ Be6 10. Bxc6+ bxc6 11. Ng5 O-O 12. Nxe6 fxe6 13. Nd2 Bxd4 
14. Nf3 Bg7 15. Rxe6 Rb8 16. Qe1 Qd7 17. Re2 Rfe8 18. h3 Rxe2 19. Qxe2 Qf5 
20. Qc4 Rb6 21. Be3 Rxb2 22. Rc1 Qf7 23. Bxa7 Nb6 24. Qxf7+ Kxf7 25. Rxc6 Nd5 
26. a4 Ra2 27. Rc4 Bf8 28. Bd4 Bd6 29. Ne5+ Ke6 30. Nf3 Nb6 31. Bxb6 Ra1+ 
0-1

[Event "34th Chess Olympiad (women)"]
[Site "Istanbul"]
[Date "2000.11.05"]
[Round "8.20.1"]
[White "Hagesaether, Ellen"]
[Black "Uskova, Fliura"]
[WhiteElo "2044"]
[BlackElo "2285"]
[WhiteCountry "NOR"]
[BlackCountry "KAZ"]
[Result "0-1"]

1. e4 c5 2. Nf3 Nc6 3. d3 g6 4. g3 Bg7 5. Bg2 e5 6. O-O Nge7 7. c3 O-O 
8. Nbd2 d6 9. a4 h6 10. Nc4 Be6 11. Nfd2 Qd7 12. Na3 Kh7 13. Ndc4 d5 
14. exd5 Bxd5 15. Be3 Bxg2 16. Kxg2 Nf5 17. Qf3 Nxe3+ 18. Qxe3 Qd5+ 19. f3 Rad8 
20. Rad1 Rd7 21. Qe4 Rfd8 22. Ne3 Qe6 23. g4 Bf6 24. Qc4 Qe7 25. Kh1 Bg5 
26. Ng2 Qd6 27. Nc2 Kg7 28. Qe4 Qe6 29. Nce3 a6 30. h4 Bf6 31. h5 Qe7 
32. Nc4 b5 33. axb5 axb5 34. Nce3 Nb8 35. hxg6 fxg6 36. f4 exf4 37. Nxf4 Qxe4+ 
38. dxe4 Rxd1 39. Rxd1 Rxd1+ 40. Nxd1 Kf7 41. Kg2 Nc6 42. Nf2 Bg5 43. Nd5 c4 
44. Nc7 Na7 45. Kf3 Bc1 46. Nd1 Kf6 47. Nd5+ Ke6 48. Nf4+ Bxf4 49. Kxf4 Nc6 
50. Ne3 Ne5 51. Nd5 g5+ 52. Kg3 Kd6 53. Ne3 Nd3 54. Nd1 Kc5 55. Kf3 Ne5+ 
56. Kg3 Kb6 57. Ne3 Nd3 58. Kf3 Kc5 59. Nd1 Ne5+ 60. Kg3 b4 61. Ne3 Nd3 
62. Nd1 Kb5 63. cxb4 Kxb4 64. Kf3 Ne5+ 65. Ke3 Nxg4+ 66. Kd4 h5 67. e5 h4 
68. e6 h3 69. e7 Nf6 70. Nf2 h2 71. Nh1 g4 72. Ke5 Ne8 73. Ke6 Kb3 74. Kf7 Nc7 
0-1

[Event "34th Chess Olympiad (women)"]
[Site "Istanbul"]
[Date "2000.11.05"]
[Round "8.20.2"]
[White "Sergeeva, Maria"]
[Black "Johnsen, Sylvia"]
[WhiteElo "2277"]
[BlackElo "2049"]
[WhiteCountry "KAZ"]
[BlackCountry "NOR"]
[Result "1-0"]

1. e4 e5 2. Nf3 Nc6 3. Bb5 a6 4. Ba4 Nf6 5. O-O Be7 6. Re1 b5 7. Bb3 d6 
8. c3 O-O 9. d4 Bg4 10. d5 Na5 11. Bc2 c6 12. h3 Bd7 13. Nxe5 dxe5 14. d6 Nc4 
15. dxe7 Qxe7 16. b3 Nb6 17. Bg5 Bc8 18. Qf3 Nbd7 19. Nd2 a5 20. Nf1 Qe6 
21. a4 b4 22. cxb4 axb4 23. Ng3 Ne8 24. Nf5 f6 25. Bd2 c5 26. Bd3 Ba6 
27. Bxa6 Rxa6 28. Rac1 Nd6 29. Qd3 Nb7 30. Red1 Rf7 31. Be3 Ra5 32. Rd2 Kf8 
33. Nd6 Nxd6 34. Qxd6+ Qxd6 35. Rxd6 Ke8 36. Rc6 Re7 37. Bxc5 Nxc5 
38. R1xc5 Rxc5 39. Rxc5 Rb7 40. Kf1 Kd7 41. Ke2 Kd6 42. Rd5+ Ke6 43. f3 h5 
44. Rb5 Rxb5 45. axb5 Kd6 46. Kd3 Kc5 47. b6 Kxb6 48. Kc4 Ka5 49. h4 g5 50. g3 
1-0

[Event "34th Chess Olympiad (women)"]
[Site "Istanbul"]
[Date "2000.11.05"]
[Round "8.20.3"]
[White "Hersvik, Anita"]
[Black "Esirkepova, Altyn"]
[WhiteElo "2172"]
[BlackElo "2191"]
[WhiteCountry "NOR"]
[BlackCountry "KAZ"]
[Result "1-0"]

1. e4 c5 2. c3 d5 3. exd5 Qxd5 4. d4 e6 5. Nf3 Nf6 6. Bd3 Nc6 7. O-O cxd4 
8. cxd4 Be7 9. Nc3 Qd6 10. a3 O-O 11. Be3 a6 12. Rc1 Ng4 13. Ne4 Qb8 
14. Nc5 Nxe3 15. fxe3 a5 16. Bb1 Qd6 17. Ne4 Qd8 18. Qc2 g6 19. Qf2 Bd7 
20. Ba2 Kg7 21. Rfd1 Qe8 22. h4 b5 23. Nfg5 b4 24. Nc5 Bxc5 25. Rxc5 Qe7 
26. Rdc1 Rac8 27. Qg3 a4 28. h5 b3 29. h6+ Kg8 30. Bb1 f6 31. Nxe6 Qxe6 
32. Bxg6 Kh8 33. Bf5 Qe7 34. Qg7+ Qxg7 35. hxg7+ Kxg7 36. Bxd7 
1-0

[Event "34th Chess Olympiad (women)"]
[Site "Istanbul"]
[Date "2000.11.05"]
[Round "8.21.2"]
[White "Mendoza, Beverly"]
[Black "Macek, Vlasta"]
[WhiteElo "2098"]
[BlackElo "2277"]
[WhiteCountry "PHI"]
[BlackCountry "CRO"]
[Result "1/2-1/2"]

1. e4 e6 2. d4 d5 3. e5 c5 4. c3 Nc6 5. Nf3 Bd7 6. dxc5 Bxc5 7. Bd3 a6 
8. Qe2 Nge7 9. Bf4 h6 10. h4 Qc7 11. Bg3 h5 12. Nbd2 g6 13. Nb3 Bb6 
14. Qd2 O-O-O 15. O-O Kb8 16. Nbd4 Rc8 17. Rfc1 Qd8 18. b4 Nxd4 19. Nxd4 Bxd4 
20. cxd4 Rxc1+ 21. Rxc1 Qb6 22. Qf4 Nf5 23. Bxf5 gxf5 24. Qd2 Rg8 25. Bf4 Bb5 
26. Bg5 Bc4 27. g3 Qb5 
1/2-1/2

[Event "34th Chess Olympiad (women)"]
[Site "Istanbul"]
[Date "2000.11.05"]
[Round "8.21.3"]
[White "Bazaj-Bockai, Snjezana"]
[Black "Espallardo, Christine"]
[WhiteElo "2162"]
[BlackElo "2000"]
[WhiteCountry "CRO"]
[BlackCountry "PHI"]
[Result "1/2-1/2"]

1. e4 c5 2. Nf3 d6 3. d4 cxd4 4. Nxd4 Nf6 5. Nc3 g6 6. Bc4 Bg7 7. Bb3 O-O 
8. f3 Nc6 9. Be3 Bd7 10. Qd2 Ne5 11. Rd1 Rc8 12. Qf2 Nc4 13. Bc1 Qa5 
14. O-O Nxb2 15. Bxb2 Rxc3 16. Bxc3 Qxc3 17. Kh1 a5 18. Qd2 Rc8 19. a4 Qc5 
20. Ne2 b6 21. Nd4 Qa3 22. Qd3 Qb4 23. Rb1 Rc3 24. Qd2 Qc5 25. Rfd1 Qc8 
26. Ne2 Rc5 27. Nd4 h5 28. Qf2 Bh6 29. Re1 e5 30. Nb5 Bxb5 31. axb5 Qd7 
32. Qe2 Kg7 33. Red1 Qxb5 34. Qxb5 Rxb5 35. Rxd6 a4 36. Ba2 Rxb1+ 37. Bxb1 Be3 
38. Ba2 a3 39. Rd8 Bc5 40. Ra8 Ng8 41. h4 Ne7 42. Bd5 Kf6 43. g4 hxg4 
44. fxg4 Nxd5 45. exd5 e4 46. Kg2 Ke5 47. h5 gxh5 48. gxh5 Kf6 49. Ra7 Kg5 
50. Rxf7 Kxh5 51. Rb7 Kg6 52. d6 Kf6 53. d7 Ke7 54. Kf1 Bd4 55. Ra7 Bc5 
56. Ke2 Kd8 57. c3 
1/2-1/2

[Event "34th Chess Olympiad (women)"]
[Site "Istanbul"]
[Date "2000.11.05"]
[Round "8.22.2"]
[White "Flear, Christine"]
[Black "Maggiolo, Elisa"]
[WhiteElo "2230"]
[BlackElo "2115"]
[WhiteCountry "FRA"]
[BlackCountry "ARG"]
[Result "0-1"]

1. d4 Nf6 2. c4 g6 3. Nc3 Bg7 4. Nf3 O-O 5. g3 d6 6. Bg2 Nbd7 7. O-O e5 
8. h3 Qe7 9. Be3 c6 10. Qc2 Ne8 11. Rfd1 f5 12. dxe5 dxe5 13. Rac1 Nef6 
14. c5 b5 15. Ng5 e4 16. Qb3+ Kh8 17. Qe6 Qxe6 18. Nxe6 Rg8 19. Rd6 Ne8 
20. Rd2 Bf6 21. f4 exf3 22. Bxf3 Ne5 23. Nd4 Nc4 24. Bxc6 Rb8 25. Ndxb5 Nxe3 
26. Bxe8 Rxe8 27. Nd6 Rf8 28. h4 Be5 29. Kf2 f4 30. b3 Ng4+ 31. Kg2 fxg3 
32. Nd1 Bf4 33. Rcc2 Bxd2 34. Rxd2 
0-1

[Event "34th Chess Olympiad (women)"]
[Site "Istanbul"]
[Date "2000.11.05"]
[Round "8.22.3"]
[White "Zuriel, Marisa"]
[Black "Muller, Anne"]
[WhiteElo "2089"]
[BlackElo "2135"]
[WhiteCountry "ARG"]
[BlackCountry "FRA"]
[Result "1/2-1/2"]

1. e4 c5 2. Nf3 d6 3. d4 cxd4 4. Nxd4 Nf6 5. Nc3 Nc6 6. Bc4 Qb6 7. Nb3 e6 
8. O-O a6 9. a4 Qc7 10. Be2 b6 11. f4 Bb7 12. Bf3 Be7 13. Be3 O-O 14. Qe1 Rfe8 
15. Qg3 e5 16. f5 Nb4 17. Qf2 b5 18. Bb6 Qc8 19. axb5 axb5 20. Na5 Ba6 
21. Rfd1 Nc6 22. Nxc6 Qxc6 23. Nd5 Nxd5 24. exd5 Qd7 25. Be4 Bd8 26. Bxd8 Qxd8 
27. f6 Qxf6 28. Qxf6 gxf6 29. Rf1 Kg7 30. Ra3 Rg8 31. Rg3+ Kf8 32. Rxg8+ Kxg8 
33. Rxf6 Rd8 34. Rh6 Bc8 35. Bd3 Bb7 36. Be4 Bc8 37. Rh5 h6 38. Rxh6 f5 
39. Bd3 b4 40. Rh5 e4 41. Bb5 Kg7 42. Bc6 Kf6 43. Rh7 Ke5 44. Ra7 Kf6 
45. Ra8 Ke7 46. Rb8 f4 47. Rxb4 Bf5 48. Ra4 Rg8 49. Ra8 Rg5 50. Re8+ Kf6 
51. Kf2 Rh5 52. h3 Rg5 53. Bb5 Rg3 54. Bf1 e3+ 55. Ke2 Bxc2 56. Re6+ Kf5 
57. Rxd6 Be4 58. Rd8 Bxg2 59. d6 Bxf1+ 60. Kxf1 f3 61. Rf8+ Ke6 62. Re8+ Kxd6 
63. Rxe3 Rxh3 64. b3 Kc5 65. Kf2 Kb4 
1/2-1/2

[Event "34th Chess Olympiad (women)"]
[Site "Istanbul"]
[Date "2000.11.05"]
[Round "8.23.2"]
[White "Buervenich, Silvia"]
[Black "Sabirova, S"]
[WhiteElo "2201"]
[BlackElo "2131"]
[WhiteCountry "SWE"]
[BlackCountry "KGZ"]
[Result "0-1"]

1. e4 e6 2. d4 d5 3. e5 c5 4. c3 b6 5. Nf3 Qd7 6. Bd3 Ba6 7. O-O Bxd3 
8. Qxd3 Nc6 9. Bg5 Nge7 10. Bxe7 Bxe7 11. Nbd2 Rc8 12. dxc5 bxc5 13. c4 Nb4 
14. Qb1 O-O 15. a3 Nc6 16. Qd3 Rfd8 17. Rfd1 Qc7 18. Qe3 Bf8 19. Rac1 Rb8 
20. cxd5 exd5 21. e6 Re8 22. exf7+ Qxf7 23. Qd3 c4 24. Qc3 Be7 25. b4 Bf6 
26. Qc2 Re2 27. Re1 Rbe8 28. Kf1 Nd4 29. Nxd4 Rxf2+ 30. Kxf2 Bxd4+ 31. Kg3 Bf2+ 
32. Kg4 Bxe1 33. Rxe1 Rxe1 34. Nf3 Qe6+ 35. Kg3 Re2 36. Qa4 Qg6+ 37. Kh4 Re4+ 
0-1

[Event "34th Chess Olympiad (women)"]
[Site "Istanbul"]
[Date "2000.11.05"]
[Round "8.23.3"]
[White "Lim, Greta"]
[Black "Andersson, Christin"]
[WhiteElo "2000"]
[BlackElo "2096"]
[WhiteCountry "KGZ"]
[BlackCountry "SWE"]
[Result "0-1"]

1. Nf3 d5 2. c4 c6 3. b3 Bf5 4. Bb2 Nf6 5. g3 e6 6. Bg2 Bd6 7. O-O O-O 
8. Nh4 Bg6 9. Nxg6 hxg6 10. d4 Nbd7 11. Nd2 e5 12. cxd5 cxd5 13. dxe5 Nxe5 
14. Nb1 Re8 15. Bxd5 Bc5 16. Nc3 Neg4 17. Bf3 Qb6 18. Nd5 Bxf2+ 19. Kh1 Nxd5 
20. Qxd5 Ne3 21. Qxb7 Nxf1 22. Qxb6 Bxb6 23. Bxa8 Nxh2 24. Bg2 Rxe2 
25. Bxg7 Kxg7 26. Kxh2 Bd4 27. Rd1 Be5 28. Rd7 Rxa2 29. Kh3 a5 30. Ra7 Bc3 
31. Bd5 Rf2 32. g4 Be5 33. Bg2 Rc2 34. g5 Rc3+ 35. Kh4 Bg3+ 36. Kg4 Bf2 
37. Rxa5 Rg3+ 38. Kf4 Rxg2 39. Kf3 Rh2 40. Rd5 Bb6 41. Rb5 Bd8 42. Rd5 Be7 
43. Re5 Kf8 44. Rb5 Rh5 45. Rb8+ Kg7 46. Rb7 Bxg5 47. b4 Bd8 48. b5 Rh3+ 
49. Ke4 Rb3 50. Kf4 Rb4+ 51. Kf3 g5 52. Kg3 Kg6 53. Kg2 f5 54. Rb8 Ba5 
55. Kf3 Rb3+ 
0-1

[Event "34th Chess Olympiad (women)"]
[Site "Istanbul"]
[Date "2000.11.05"]
[Round "8.24.1"]
[White "Carvalho, Alda"]
[Black "Paasikangas-Tella, Johanna"]
[WhiteElo "2063"]
[BlackElo "2301"]
[WhiteCountry "POR"]
[BlackCountry "FIN"]
[Result "0-1"]

1. d4 d5 2. Nf3 c6 3. Bf4 Nf6 4. e3 Bg4 5. Bd3 e6 6. h3 Bh5 7. O-O Bd6 
8. Bxd6 Qxd6 9. Nbd2 Nbd7 10. c4 O-O 11. Qe2 Rfe8 12. e4 e5 13. cxd5 cxd5 
14. Qe3 dxe4 15. Nxe4 Nxe4 16. Bxe4 exd4 17. Nxd4 Bg6 18. f3 f5 19. Qb3+ Kh8 
20. Qd5 Qb6 21. Bc2 Nf6 22. Qc4 Rec8 23. Qa4 Be8 
0-1

[Event "34th Chess Olympiad (women)"]
[Site "Istanbul"]
[Date "2000.11.05"]
[Round "8.24.2"]
[White "Rantanen, Tanja"]
[Black "Henriques, Sofia"]
[WhiteElo "2120"]
[BlackElo "2032"]
[WhiteCountry "FIN"]
[BlackCountry "POR"]
[Result "1-0"]

1. e4 e5 2. Nf3 Nc6 3. Nc3 Nf6 4. d4 exd4 5. Nxd4 Bb4 6. Nxc6 bxc6 7. Bd3 d5 
8. exd5 cxd5 9. O-O O-O 10. Bg5 c6 11. Qf3 Be7 12. h3 Rb8 13. b3 h6 
14. Bxh6 gxh6 15. Qg3+ Bg4 16. hxg4 Rb4 17. Bf5 Bd6 18. Qh3 Kg7 19. Ne2 Qc7 
20. c3 Rbb8 21. Nd4 c5 22. Nf3 Rh8 23. Nh4 Ng8 24. Rad1 Ne7 25. Bb1 Be5 
26. Rfe1 Rbd8 27. Re2 Bf6 28. Rde1 Rd7 29. Bf5 Rdd8 30. Bd3 Bxh4 31. Qxh4 Nc6 
32. g5 hxg5 33. Qxg5+ Kf8 34. g3 Qd7 35. Bf5 Qd6 36. Re6 fxe6 37. Qf6+ Kg8 
38. Qg6+ Kf8 39. Rxe6 Ne5 40. Rxd6 Nxg6 41. Rxd8+ 
1-0

[Event "34th Chess Olympiad (women)"]
[Site "Istanbul"]
[Date "2000.11.05"]
[Round "8.24.3"]
[White "Coimbra, Margarida"]
[Black "Puuska, Heini"]
[WhiteElo "2043"]
[BlackElo "2023"]
[WhiteCountry "POR"]
[BlackCountry "FIN"]
[Result "1/2-1/2"]

1. e4 c5 2. Nc3 e6 3. g3 d5 4. exd5 exd5 5. Bg2 d4 6. Nd5 Bd6 7. d3 Ne7 
8. Nxe7 Qxe7+ 9. Qe2 Nc6 10. Qxe7+ Nxe7 11. Nf3 Bd7 12. Ng5 Bc6 13. Bxc6+ Nxc6 
14. Ne4 O-O-O 15. Nxd6+ Rxd6 16. Bf4 Re6+ 17. Kd2 h6 18. h4 Kd7 19. Rae1 Rhe8 
20. a3 Ne5 21. Bxe5 Rxe5 22. Rxe5 Rxe5 
1/2-1/2

[Event "34th Chess Olympiad (women)"]
[Site "Istanbul"]
[Date "2000.11.05"]
[Round "8.25.1"]
[White "Hund, Barbara"]
[Black "Agosto, Erika"]
[WhiteElo "2292"]
[BlackElo "2036"]
[WhiteCountry "SUI"]
[BlackCountry "ITA"]
[Result "1-0"]

1. e4 e5 2. Bc4 Nf6 3. d3 d6 4. f4 c6 5. Nf3 Nbd7 6. O-O Be7 7. Nc3 O-O 
8. Kh1 Qc7 9. a4 Nc5 10. Qe1 Be6 11. Bxe6 Nxe6 12. f5 Nc5 13. Bg5 Rfe8 
14. h3 Rad8 15. g4 Ncd7 16. Bd2 d5 17. g5 Nh5 18. f6 Bd6 19. fxg7 Nf4 
20. Qh4 Kxg7 21. Bxf4 exf4 22. exd5 Re3 23. Nd4 Rg3 24. Ne4 Be5 25. Nxg3 fxg3 
26. Rxf7+ Kxf7 27. Qxh7+ Bg7 28. Rf1+ 
1-0

[Event "34th Chess Olympiad (women)"]
[Site "Istanbul"]
[Date "2000.11.05"]
[Round "8.25.2"]
[White "Sirletti, Sonia"]
[Black "Ramseier, Jana S"]
[WhiteElo "2000"]
[BlackElo "2156"]
[WhiteCountry "ITA"]
[BlackCountry "SUI"]
[Result "0-1"]

1. d4 Nf6 2. c4 g6 3. Nc3 Bg7 4. e4 d6 5. Nf3 O-O 6. Be2 Na6 7. O-O c6 
8. Be3 Ng4 9. Bg5 h6 10. Bh4 Nf6 11. a3 Bg4 12. Rb1 Bxf3 13. Bxf3 e5 14. d5 g5 
15. Bg3 Qe7 16. Be2 Kh7 17. b4 Nc7 18. f3 cxd5 19. cxd5 Nh5 20. Bf2 Nf4 
21. Rc1 Rg8 22. Nb5 Nxb5 23. Bxb5 a6 24. Be2 Rad8 25. Rc2 Qd7 26. Bb6 Rc8 
27. Re1 Bf6 28. Qd2 Rxc2 29. Qxc2 Rc8 30. Qd2 Qa4 31. Bd1 Qxa3 32. Be3 Nd3 
33. Rf1 Nxb4 34. Qe1 Nd3 35. Qe2 Nf4 36. Qd2 Bd8 37. Bxf4 Bb6+ 38. Kh1 gxf4 
39. Be2 Be3 40. Qd3 Rc3 41. Qb1 Rb3 42. Qc2 Bc5 43. g3 Rb2 44. Qd3 Qa2 
0-1

[Event "34th Chess Olympiad (women)"]
[Site "Istanbul"]
[Date "2000.11.05"]
[Round "8.25.3"]
[White "Bohrer Moser, Ruth"]
[Black "Arnetta, Maria"]
[WhiteElo "2015"]
[BlackElo "2000"]
[WhiteCountry "SUI"]
[BlackCountry "ITA"]
[Result "0-1"]

1. d4 Nf6 2. c4 e6 3. Nc3 Bb4 4. Bg5 c5 5. e3 Qa5 6. Rc1 Ne4 7. Bf4 Nxc3 
8. bxc3 Bxc3+ 9. Ke2 cxd4 10. exd4 Nc6 11. Nf3 Qxa2+ 12. Kd3 Bb2 13. Bd6 Bxc1 
14. Qxc1 f6 15. Be2 a5 16. Bd1 Qxf2 17. Qf4 Nb4+ 18. Kc3 b5 19. Re1 Na2+ 
20. Kd3 bxc4+ 21. Kxc4 Qb2 22. Kd3 Ba6+ 23. Ke3 Nc3 24. Bb3 a4 25. Qg4 axb3 
26. Nh4 Nd5+ 27. Kf3 Qc3+ 28. Kf2 Qd2+ 29. Re2 Qxe2+ 
0-1

[Event "34th Chess Olympiad (women)"]
[Site "Istanbul"]
[Date "2000.11.05"]
[Round "8.26.2"]
[White "Sultana, Zakia"]
[Black "Guerrero, Alejandra"]
[WhiteElo "2044"]
[BlackElo "2171"]
[WhiteCountry "BAN"]
[BlackCountry "MEX"]
[Result "1-0"]

1. d4 d5 2. Nf3 Nf6 3. e3 e6 4. Bd3 c5 5. b3 Nc6 6. a3 b6 7. Bb2 Bb7 
8. Nbd2 Bd6 9. O-O Qc7 10. c4 cxd4 11. exd4 O-O 12. Rc1 Rac8 13. Re1 Qe7 
14. b4 dxc4 15. Nxc4 Bf4 16. Ne3 Rfd8 17. Qe2 Nd5 18. Nxd5 Rxd5 19. Qe4 Qf6 
20. Rxc6 Bxh2+ 21. Nxh2 Rxc6 22. Qxd5 
1-0

[Event "34th Chess Olympiad (women)"]
[Site "Istanbul"]
[Date "2000.11.05"]
[Round "8.26.3"]
[White "Garcia, Edith"]
[Black "Khan, Nazrana"]
[WhiteElo "2052"]
[BlackElo "2000"]
[WhiteCountry "MEX"]
[BlackCountry "BAN"]
[Result "1-0"]

1. e4 c5 2. Nf3 Nc6 3. Bb5 e5 4. O-O Bd6 5. c3 Nf6 6. d4 cxd4 7. cxd4 Qc7 
8. d5 Ne7 9. Nc3 a6 10. Bd3 h6 11. Qe2 Ng6 12. Be3 Ng4 13. Rac1 Qd8 
14. Na4 Nxe3 15. Qxe3 b5 16. Nb6 Rb8 17. Rxc8 Rxc8 18. Nxc8 Qxc8 19. Rc1 Qb7 
20. g3 O-O 21. b3 Ba3 22. Rc2 Rc8 23. Qd2 f6 24. Bf1 Ne7 25. Nh4 Rxc2 
26. Qxc2 Qc8 27. Qxc8+ Nxc8 28. Bh3 Nb6 29. Kg2 Kf7 30. Bf5 Ke8 31. Bg6+ Kd8 
32. Nf5 Bf8 33. Kf3 a5 34. Kg4 Nc8 35. Kh5 Nd6 36. Nxd6 Bxd6 37. Bf5 Ke8 
38. Kg6 Bf8 39. f3 b4 40. h3 Ke7 41. d6+ Ke8 42. Bg4 Bxd6 43. Kxg7 Be7 
44. Kxh6 Bc5 45. Kg7 Ke7 46. h4 Bf2 47. h5 Bxg3 48. h6 f5 49. Bxf5 Bh4 
50. h7 d6 51. h8=Q Bf6+ 52. Kg8 Bxh8 53. Kxh8 Kf6 54. Bg4 Ke7 55. Kg7 Kd8 
56. Kf6 Kc7 57. Ke7 Kc6 58. Be6 Kc5 59. Bd5 
1-0

[Event "34th Chess Olympiad (women)"]
[Site "Istanbul"]
[Date "2000.11.05"]
[Round "8.27.1"]
[White "Tamin, Upi"]
[Black "Cast, Abigail"]
[WhiteElo "2240"]
[BlackElo "2114"]
[WhiteCountry "INA"]
[BlackCountry "WLS"]
[Result "1/2-1/2"]

1. e4 e6 2. d4 d5 3. Nc3 Nf6 4. e5 Nfd7 5. f4 c5 6. Nf3 Nc6 7. Be3 Be7 
8. Be2 O-O 9. O-O b6 10. a3 f6 11. dxc5 fxe5 12. Nxd5 Bxc5 13. fxe5 Ndxe5 
14. Nxe5 Bxe3+ 15. Nxe3 Nxe5 16. Rxf8+ Qxf8 17. Qd4 Qc5 18. Qxc5 bxc5 
19. b4 Bd7 20. b5 Rb8 21. a4 Kf7 22. Nc4 Nxc4 23. Bxc4 Ke7 24. Rd1 Rf8 
25. a5 Rf4 26. Be2 Ra4 27. a6 c4 28. Rb1 Kd8 29. b6 axb6 30. Rxb6 Bc8 
31. Rc6 Rxa6 32. Rxc4 Rd6 33. Rc3 Bb7 34. Kf2 e5 35. Rd3 Ke7 36. Rxd6 Kxd6 
37. g3 Be4 38. c3 h6 39. Ke3 Bb7 40. Bf3 Ba6 41. Bh5 Bb7 42. Bg6 Bc6 
43. Kd3 Kc5 44. Be4 Bb5+ 45. Ke3 Ba4 46. Bb7 Bc2 
1/2-1/2